Statistics for Joe Robinson Names

Click here to take the quiz!

General Stats

  • This quiz has been taken 7 times
    (2 since last reset)
  • The average score is 5 of 15

Answer Stats

Answer% Correct
Jon
100%
Josh
100%
Blow Jobinson
50%
Fearful
50%
Forehead
50%
Illporpoise
50%
Jew
50%
Jon Rob
50%
Jon Blob
0%
jon Brick
0%
Jon Richards
0%
Jon Roberts
0%
Jon Rogers
0%
Jon Wesley
0%
Kobe
0%

Score Distribution

Percentile by Number Answered

Percent of People with Each Score

Your Score History

You have not taken this quiz since the last reset